01473cam a2200409 4500001001400000005001700014008004100031020003100072040002300103041001300126044001100139072006500150080002500215080002500240080002300265080002300288100002300311240003800334245007400372264002700446300002300473336002600496337002900522338002900551500003300580500009700613655003100710655004200741655003300783655003500816655003100851655004100882655003200923655002600955700004100981700004101022vtls01224430020260506085801.0231120s2023 xo g 010 f slo  a9788055189659q(viazané) aSNKbslocSNKerda1 asloheng axocSK 7a821.111-3xAnglická próza, anglicky písaná2konspekt a821.111(73)-3122011 a821.111(71)-3122011 a(0:82-311.6)22011 a(0:82-312.5)220111 aBlake, Audrey4aut14aThe surgeon's daughterlSlovensky10aChirurgova dcéracAudrey Blake ; preložila Oľga Kralovičová 1aBratislavabIkarc2023 a439 stránc21 cm atextbtxt2rdacontent abez médiabn2rdamedia azväzokbnc2rdacarrier aPreložené z angličtiny aObsahuje stručné biografické údaje o autorkách na záložke prebalu publikácie 7aamerické romány2SNKPH 7akanadské romány (anglicky)2SNKPH 7ahistorické romány2SNKPH 7aľúbostné romány2SNKPH 7aAmerican fiction2SNKPHeng 7aCanadian fiction (English)2SNKPHeng 7aHistorical novels2SNKPHeng 7aLove novels2SNKPHeng1 aKralovičová, Oľga,d1957-4trl12aBlake, AudreytDievča v jeho tieni